The rules of conduct (Record no. 89134)

MARC details
000 -LEADER
fixed length control field 00917cam a2200277 4500
001 - CONTROL NUMBER
control field D16174
008 - FIXED-LENGTH DATA ELEMENTS--GENERAL INFORMATION
fixed length control field 090401t1981 xxu||||| |||| 00| 0 eng d
035 ## - SYSTEM CONTROL NUMBER
System control number (Sirsi) u27606
041 ## - LANGUAGE CODE
Language code of text/sound track or separate title eng
050 ## - LIBRARY OF CONGRESS CALL NUMBER
Classification number 333.0017
-- 18
110 ## - MAIN ENTRY--CORPORATE NAME
Corporate name or jurisdiction name as entry element Royal Institution of Chartered Surveyors
9 (RLIN) 4900
245 #4 - TITLE STATEMENT
Title The rules of conduct
Remainder of title disciplinary powers and procedures
250 ## - EDITION STATEMENT
Edition statement Rev. ed.
260 ## - PUBLICATION, DISTRIBUTION, ETC.
Place of publication, distribution, etc. [S.l.]
Name of publisher, distributor, etc. RICS
Date of publication, distribution, etc. 1981
300 ## - PHYSICAL DESCRIPTION
Extent 38p.
Dimensions 21cm
350 ## - PRICE (NR) (BK AM CF MU VM SE) [OBSOLETE]
Price 1
490 ## - SERIES STATEMENT
Series statement RICS Rules of Conduct
520 ## - SUMMARY, ETC.
Summary, etc. Includes amendments on: advertising and publicity for the function of quantity surveying (22 March 1983); Bye-Law 24 (1 March 1983); Regs 81-90 (7 November 1983).
650 ## - SUBJECT ADDED ENTRY--TOPICAL TERM
Topical term or geographic name entry element PROFESSIONAL CONDUCT
650 ## - SUBJECT ADDED ENTRY--TOPICAL TERM
Topical term or geographic name entry element RICS BYE-LAWS
650 ## - SUBJECT ADDED ENTRY--TOPICAL TERM
Topical term or geographic name entry element RICS REGULATIONS
650 ## - SUBJECT ADDED ENTRY--TOPICAL TERM
Topical term or geographic name entry element RICS RULES OF CONDUCT
690 ## - LOCAL SUBJECT ADDED ENTRY--TOPICAL TERM (OCLC, RLIN)
Topical term or geographic name as entry element MANAGEMENT-BUSINESS MANAGEMENT-PROFESSIONAL PRACTICE
942 ## - ADDED ENTRY ELEMENTS (KOHA)
Suppress in OPAC 0
948 ## - LOCAL PROCESSING INFORMATION (OCLC); SERIES PART DESIGNATOR (RLIN)
c (OCLC) 04/03/1997
Holdings
Withdrawn status Lost status Source of classification or shelving scheme Damaged status Not for loan Home library Current library Shelving location Date acquired Cost, normal purchase price Total Checkouts Full call number Barcode Date last seen Copy number Cost, replacement price Price effective from Koha item type
    Other/Generic Classification Scheme     London London RICS Boxes 08/01/1992 1.00   RICS 1981/68 30025342 06/08/2019 1 1.00 06/08/2019 Archive
    Other/Generic Classification Scheme     London London RICS Boxes 14/09/1999 1.00   RICS 1981/68 30003934 06/08/2019 2 1.00 06/08/2019 Reference material
    Other/Generic Classification Scheme     London London RICS Boxes 09/08/1991 1.00   RICS 1981/68 30003931 06/08/2019 3 1.00 06/08/2019 Book